Statistics for 2010s 76ers Starting Point Guards (Extreme)

Click here to take the quiz!

General Stats

  • This quiz has been taken 33 times
  • The average score is 8 of 23

Answer Stats

GamesYear(s)Player% Correct
1602018-19Ben Simmons
100%
2652010-13Jrue Holiday
88%
1072014-15Michael Carter-Williams
80%
722016-19T.J. McConnell
68%
642015-16Ish Smith
60%
262014-16Tony Wroten
56%
382010Lou Williams
52%
12019Markelle Fultz
48%
32010Allen Iverson
40%
302017Sergio Rodriguez
40%
192015-16Isaiah Canaan
28%
12017Jerryd Bayless
28%
32013Evan Turner
20%
12015Jason Richardson
20%
52016Kendall Marshall
20%
12012Jodie Meeks
16%
32015Tim Frazier
16%
12015Larry Drew II
12%
12014Adonis Thomas
8%
12015K.J. McDaniels
8%
12013Maalik Wayns
8%
12015Glenn Robinson III
4%
12010Willie Green
4%

Score Distribution

Percentile by Number Answered

Percent of People with Each Score

Your Score History

You have not taken this quiz